Introduction to automata theory, languages and computation (E-BOOK) (Record no. 217601)

000 -LEADER
fixed length control field 00766 a2200265 4500
003 - CONTROL NUMBER IDENTIFIER
control field Nust
005 - DATE AND TIME OF LATEST TRANSACTION
control field 20170207171607.0
020 ## - INTERNATIONAL STANDARD BOOK NUMBER
International Standard Book Number 0-201-44124-1
020 ## - INTERNATIONAL STANDARD BOOK NUMBER
International Standard Book Number 0-321-21029-8 (Int. ed., pbk)
040 ## - CATALOGING SOURCE
Transcribing agency Nust
082 ## - DEWEY DECIMAL CLASSIFICATION NUMBER
Classification number 511.3
100 1# - MAIN ENTRY--PERSONAL NAME
Personal name Hopcroft, John E.
245 10 - TITLE STATEMENT
Title Introduction to automata theory, languages and computation (E-BOOK)
Statement of responsibility, etc. John E. Hopcroft, Rajeev Motwani, Jeffrey D. Ullman
250 ## - EDITION STATEMENT
Edition statement 2. ed.
260 ## - PUBLICATION, DISTRIBUTION, ETC.
Place of publication, distribution, etc. Boston :
Name of publisher, distributor, etc. Addison-Wesley,
Date of publication, distribution, etc. 2001
300 ## - PHYSICAL DESCRIPTION
Extent xiv, 521 s. :
Other physical details ill.
500 ## - GENERAL NOTE
General note Int. ed. utg. 2003
650 #4 - SUBJECT ADDED ENTRY--TOPICAL TERM
Topical term or geographic name entry element Automata
650 #4 - SUBJECT ADDED ENTRY--TOPICAL TERM
Topical term or geographic name entry element Computer science
650 #4 - SUBJECT ADDED ENTRY--TOPICAL TERM
Topical term or geographic name entry element Formal languages
650 #4 - SUBJECT ADDED ENTRY--TOPICAL TERM
Topical term or geographic name entry element Machine theory
650 #4 - SUBJECT ADDED ENTRY--TOPICAL TERM
Topical term or geographic name entry element Models of computation
700 1# - ADDED ENTRY--PERSONAL NAME
Personal name Motwani, Rajeev
700 1# - ADDED ENTRY--PERSONAL NAME
Personal name Ullman, Jeffrey D.,
Dates associated with a name 1942-
942 ## - ADDED ENTRY ELEMENTS (KOHA)
Source of classification or shelving scheme
Koha item type Book
Holdings
Withdrawn status Lost status Source of classification or shelving scheme Damaged status Not for loan Collection code Permanent Location Current Location Date acquired Total Checkouts Full call number Barcode Date last seen Price effective from Koha item type
            Military College of Signals (MCS) Military College of Signals (MCS) 12/12/2016   511.3 JOH MCSEB-3468 12/08/2016 12/12/2016 Book
© 2023 Central Library, National University of Sciences and Technology. All Rights Reserved.